000
00229nam a22001097a 4500
082
_a
530
_b
DOC/C
100
_a
DOVE MULTIMEDIA
245
_a
XII CBSE PHYSICS
260
_a
MUMBAI
_b
DOVE MULTIMEDIA
_c
2009
300
_b
CD
942
_c
BK
999
_c
7434
_d
7434